Congregaciones del éxito : interpetación socio-religiosa de las redes de mercadeo en Guadalajara /

Sábháilte in:
Sonraí bibleagrafaíochta
Príomhchruthaitheoir: Gutiérrez Zúñiga, Cristina (autor)
Formáid: LEABHAR
Teanga:Spáinnis
Foilsithe / Cruthaithe: Guadalajara, México : El Colegio de Jalisco : Universidad de Guadalajara, Centro Universitario de Ciencias Sociales y Humanidades, 2005, c2005
Ábhair:
Clibeanna: Cuir clib leis
Níl clibeanna ann, Bí ar an gcéad duine le clib a chur leis an taifead seo!

MARC

LEADER 00000nam^a2200000^a^4500
001 000190158
005 20250521000000.0
009 20260310102439.976
020 |a 970-9749-05-6 
037 |a Acervo ITESO - Biblioteca 
041 |a ESP 
082 |a 306. 60972352  |b GUT 
100 |a Gutiérrez Zúñiga, Cristina  |e (autor) 
245 1 0 |a Congregaciones del éxito :  |b interpetación socio-religiosa de las redes de mercadeo en Guadalajara /  |c C. Gutiérrez Zúñiga. 
264 4 |a Guadalajara, México :  |b El Colegio de Jalisco :  |b Universidad de Guadalajara, Centro Universitario de Ciencias Sociales y Humanidades,  |c 2005, c2005 
300 |a 288 p. 
336 |a texto  |b txt  |2 rdacontenido 
337 |a sin mediación  |b n  |2 rdamedio 
338 |a volumen  |b nc  |2 rdasoporte 
649 |a XX 
650 |a Vendedores -  |z Guadalajara, Jalisco -  |x Condiciones Sociales y Culturales 
650 |a Vendedores -  |z México -  |x Condiciones Sociales y Culturales 
650 |a Mujeres -  |z Guadalajara, Jalisco -  |x Condiciones Laborales 
650 |a Mujeres -  |z México -  |x Condiciones Laborales 
650 |a Mujeres -  |z Guadalajara, Jalisco -  |x Condiciones Económicas 
650 |a Mujeres -  |z México -  |x Condiciones Económicas 
650 |a Mujeres -  |z Guadalajara, Jalisco -  |x Condiciones Sociales y Culturales 
650 |a Mujeres -  |z México -  |x Condiciones Sociales y Culturales 
650 |a Ventas Multinivel -  |z Guadalajara, Jalisco -  |x Aspectos Sociales y Culturales -  |x Tema Principal 
650 |a Ventas Multinivel -  |z México -  |x Aspectos Sociales y Culturales 
650 |a Motivación Laboral 
650 |a Motivación 
650 |a Formación y Capacitación Laboral 
650 |a Desarrollo Profesional 
650 |a Distribución del Producto 
650 |a Mercadotecnia -  |x Aspectos Sociales y Culturales 
650 |a Mercadotecnia -  |z México -  |x Aspectos Sociales y Culturales 
650 |a Redes Sociales -  |z Guadalajara, Jalisco 
650 |a Redes Sociales -  |z México 
650 |a Cambios Sociales y Culturales -  |z Guadalajara, Jalisco 
650 |a Cambios Sociales y Culturales -  |z México 
650 |a Doble Jornada 
650 |a Género 
650 |a Lo Sagrado 
650 |a Sociología de la Religión 
650 |a Sociología de la Cultura 
910 |a Fondo General 
920 |a Impresos - Libros 
930 |a Colección General 
905 |a 101 
901 |a 0500133391  |b IT1  |c ACC  |u 20250521 
902 |a https://opac.biblio.iteso.mx/vufind/Record/000190158